00562nam a2200169Ia 4500008004100000020001500041041001200056082001600068100001700084245004300101260003200144300000800176650001500184942000700199999001500206952017100221221030s9999 xx 000 0 und d a8170080711 aEnglish a105.23bBan aR. K. Bansal 0aEngineering Machanicscby R. K. Bansal bLaxmi Pub.aNew Delhic2000 a743 aMechanical cBK c6748d6748 pBE 2172g145.00l0o105.23 Banr2024-06-13 00:00:00w2022-10-30yBK003Print4070aMIETLIBbMIETLIBcBL-Academic Block- A, FL-1, CUP-5, SH-5, R-5d2000-12-1410HBE